Clasificación de sistema de finca para generación y transferencia de tecnología apropiada.

Сохранить в:
Библиографические подробности
Другие авторы: Escobar, Germán (Редактор)
Формат: Неизвестно
Опубликовано: Panamá
Предметы:
Метки: Добавить метку
Нет меток, Требуется 1-ая метка записи!

MARC

LEADER 00000 a2200000 04500
001 43463
003
008 991231s d
040
020 |a sin editorial  
090 |a 0002 E74c  
100 |a Escobar, Germán,  |e editor  
245 |a Clasificación de sistema de finca para generación y transferencia de tecnología apropiada.   |d (1986 diciembre 07-12:  |c Ciudad Panamá, Panamá)  
260 |b Panamá  
300 |a 219 páginas  
650 |a SECTOR AGROPECUARIO  
650 |a DESARROLLO AGROPECUARIO  
650 |a TRANSFERENCIA DE TECNOLOGIA  
650 |a PLANTACIONES  
650 |a SISTEMAS DE PRODUCCION  
650 |a PEQUEÑOS AGRICULTORES  
650 |a PRODUCCION GANADERA  
999 |c 1232  |d 1232